| 000 | 00972nas a2200253Ia 4500 | ||
|---|---|---|---|
| 001 | R109/F3118 | ||
| 003 | IT-RoPAU | ||
| 008 | 151124c99999999xx |||||||||||| ||und|| | ||
| 040 | _aIT-RoPAU | ||
| 040 | _cIT-RoPAU | ||
| 041 | _aFRANCESE | ||
| 100 |
_aPerrot Michelle _gCodice Aut. SPICS: 17394 |
||
| 210 | _aCOMMUNICATIONS | ||
| 222 | _aCommunications | ||
| 245 |
_aCOMMUNICATIONS, N.65 (1997) _bGenre De la Ville (Le) |
||
| 250 | _a1a ed. | ||
| 260 |
_aPARIS _bSEUIL _c1997 |
||
| 501 |
_bPaulus - SPICS - Società San Paolo EM (non-commercial uses only) _cCopyright2015 |
||
| 300 | _a15 p. [149-163] | ||
| 362 | _aN.65 (1997) | ||
| 500 | _aGenere della Città. Frontiere dei Sessi nel Secolo Xix: Esempio di Parigi: Spazi Interdetti Alle Donne, Luoghi Femminili nella Città, Spazio Femminile Tipico: Lavatoio. Luoghi Misti: Problema della Promiscuità Dello Spazio Urbano nel Secolo Xix. | ||
| 650 |
_aCOMUNICAZIONE _vPUBBLICAZIONE PERIODICA |
||
| 942 | _cCR | ||
| 999 |
_c203355 _d203355 |
||